00492 2200193 4500245005500000020001800055250001100073100002100084700002200105700002300127650001700150005001900167260003100186041001400217084001300231300003400244336000900278338001100287 aShanaou Yoshitsune Vol. 16cSawada, HirofumihText a9789792305272 aCet. 3 aSawada, Hirofumi aArdiatma Mardhika aFebrian Anantasyah aKomik Jepang a20230131140220 aJakartabPT Gramediac2011 aIndonesia a741.5592 a... jil. :bilus. ;c17,5 cm. atext avolume